The theory of probability

Gorde:
Xehetasun bibliografikoak
Egile nagusia: Gnedenko, Boris Vladimirovich (Egilea)
Formatua: Liburua
Hizkuntza:ingelesa
Argitaratua: Moscú Mir 1969
Gaiak:
Etiketak: Etiketa erantsi
Etiketarik gabe, Izan zaitez lehena erregistro honi etiketa jartzen!

MARC

LEADER 00000nam a2200000 a 4500
001 UCP2279
003 CL-VaPUC
008 990507e19690000ru |||||||||||||||||eng|d
082 0 4 |a 519.2  |b GNE  |2 21 
100 |a Gnedenko, Boris Vladimirovich  |e author  |9 564111 
245 1 4 |a The theory of probability 
300 |a 392 p 
942 |c BK 
945 |d 19990507 00:00:00  |a crobeson 
260 |a Moscú  |b Mir  |c 1969 
650 0 |a Teoría de probabilidades   |9 336944 
650 0 |a Cadenas de Markov  |9 350699 
650 0 |a Variables aleatorias   |9 270745 
650 7 |a LEY DE NUMEROS GRANDES  |2 CL-VaPUC  |9 428897 
650 0 |a Procesos estocásticos   |9 260364 
583 |a last modification  |c 20171123 02:39:04  |k Rodrigo Vera 
999 |c 280834  |d 280832 
952 |0 0  |1 0  |4 0  |6 519_200000000000000_GNE_1969  |7 0  |8 A  |9 321348  |a BIBGIM  |b BIBGIM  |d 2019-11-20  |i 1345362  |o 519.2 GNE 1969  |p 1345362  |r 2025-01-15  |w 2019-11-20  |y BK  |k EST